Ambición : una novela / Lee Strobel ; traducido por Wendy Bello y Adriana Tessore (Registro nro. 44593)
[ vista simple ]
| 000 -LÍDER | |
|---|---|
| Campo fijo de descripción fija | 019430000a22001810004500 |
| 001 - NÚMERO DE CONTROL | |
| Campo de control | 18105 |
| 020 ## - NÚMERO INTERNACIONAL NORMALIZADO PARA LIBROS | |
| Número Internacional Normalizado del libro | 978-0-8297-5740-8 |
| 082 04 - NÚMERO DE CLASIFICACIÓN DECIMAL DEWEY | |
| Número de clasificación | G 813.6 S919a |
| 100 1# - ASIENTO PRINCIPAL--NOMBRE PERSONAL | |
| Nombre personal | Strobel, Lee (1952-) |
| 245 10 - TÍTULO | |
| Título del Material | Ambición : una novela / Lee Strobel ; traducido por Wendy Bello y Adriana Tessore |
| 260 ## - PUBLICACIÓN, DISTRIBUCIÓN, ETC. (PIE DE IMPRENTA) | |
| Lugar de publicación, distribución, etc. | Miami, Florida : Vida |
| 300 ## - DESCRIPCIÓN FÍSICA | |
| Extensión | 334 p. |
| 501 ## - NOTA DE “CON” | |
| Nota de Contenido | rústico |
| 505 00 - NOTA DE CONTENIDO | |
| Nota de contenido con formato preestablecido | Novela de ficción y suspenso |
| 650 14 - ASIENTO SECUNDARIO DE MATERIA - TERMINO TEMÁTICO | |
| Término temático o nombre geográfico como elemento de entrada | NOVELA \ LITERATURA DE FICCION \ NOVELA RELIGIOSA \ VIDA CRISTIANA |
| 942 ## - TIPO DE MATERIAL (KOHA) | |
| Tipo de Item KOHA | Libros General |
| Estado de Material | Estado de Perdido | Estado de Dañado | No para Préstamo | Colección | Tomo | Biblioteca de Origen | Biblioteca Permanente | Fecha de Adquisición | Total de Préstamos | Signatura Topográfica | Código de Barras | Última vez visto | Ejemplar/Existencia | Fecha de Remplazo | Tipo de Material |
|---|---|---|---|---|---|---|---|---|---|---|---|---|---|---|---|
| Colección General | Biblioteca FUSBC | Biblioteca FUSBC | 13/01/2014 | G 813.6 S919a | 17678 | 12/12/2019 | 1 | 26/01/2016 | Libros General |
